أفول السيادة : كيف تحول ثورة المعلومات عالمنا /

انبثق هذا الكتاب من حسن حظ هائل أتاح لي أن أرى العالم من خلال منظور إنسان مشارك في سوق مالي عالمي ناشئ، كما أن سرعة التغيير الذي لاحظناه في كل وجه من أوجه الحياة من العناية الصحية إلى أسلحة الحرب، دفعت به تقنية معلومات من نوع آخر....

全面介绍

Saved in:
书目详细资料
主要作者: ريستون، ولتر
企业作者: دار النسر للنشر والتوزيع، (منضد ومخرج ومصمم غلاف.)
其他作者: نصار، سمير عزت، (مترجم.), خوري، جورج، (مترجم.), أبو عرقوب، ابراهيم، (مراجع.)
格式: 图书
语言:阿拉伯语
英语
出版: عمان : دار النسر للنشر والتوزيع، 1995.
版:ط. 1.
主题:
在线阅读:http://dar.bibalex.org/webpages/mainpage.jsf?PID=DAF-Job:92145
标签: 添加标签
没有标签, 成为第一个标记此记录!

MARC

LEADER 00000nam a2200000 a 4500
003 INP
005 20181115151208.0
008 130102s1995 jo frb 001 0 ara d
952 |0 0  |1 0  |4 0  |6 303_483000000000000_و_أ  |7 0  |8 arabic_Boo  |9 2343  |a INP  |b INP  |c MAIN  |d 2018-03-19  |l 0  |o 303.483 و أ  |p 002171  |r 2019-06-27 00:00:00  |w 2018-03-19  |y BK  |0 0 
999 |c 5033  |d 5033 
040 |a EG-INP  |b ara  |c EG-INP 
041 1 |a ara  |h eng 
082 0 4 |a 303.483  |b و أ  |2 21 
100 1 |a ريستون، ولتر. 
240 1 0 |a Twilight of sovereignty.   |l Arabic 
245 1 0 |a أفول السيادة :   |b كيف تحول ثورة المعلومات عالمنا /   |c بقلم ولتر ريستون ؛ ترجمة سمير عزت نصار، جورج خوري ؛ مراجعة ابراهيم أبو عرقوب ؛ التنضيد والإخراج وتصميم الغلاف دار النسر للنشر والتوزيع. 
250 |a ط. 1. 
260 |a عمان :   |b دار النسر للنشر والتوزيع،   |c 1995. 
300 |a 207 ص. ؛   |c 24 سم. 
500 |a بقلم ولتر ريستون الرئيس السابق لستي كورب. 
504 |a يشتمل على إرجاعات ببليوجرافية (ص. 198-205). 
520 |a انبثق هذا الكتاب من حسن حظ هائل أتاح لي أن أرى العالم من خلال منظور إنسان مشارك في سوق مالي عالمي ناشئ، كما أن سرعة التغيير الذي لاحظناه في كل وجه من أوجه الحياة من العناية الصحية إلى أسلحة الحرب، دفعت به تقنية معلومات من نوع آخر. 
546 |a النص مترجم إلى اللغة العربية من اللغة الإنجليزية.  
650 7 |a تكنولوجيا المعلومات.  |2 qrmak 
650 7 |a التجارة الإلكترونية.  |2 qrmak 
650 7 |a التكنولوجيا  |x خدمات المعلومات.  |2 qrmak 
650 7 |a المعلومات، علم.  |2 qrmak 
700 1 |a نصار، سمير عزت،   |e مترجم. 
700 1 |a خوري، جورج،   |e مترجم. 
700 1 |a أبو عرقوب، ابراهيم،   |e مراجع. 
710 1 |a دار النسر للنشر والتوزيع،   |e منضد ومخرج ومصمم غلاف. 
856 |u http://dar.bibalex.org/webpages/mainpage.jsf?PID=DAF-Job:92145 
901 |a EGPV19 
902 |a  EGPV5 
903 |a copycat 
942 |c BK  |2 ddc